000 00675nam a2200181Ia 4500
008 090123s9999 xx 000 0 und d
082 _b39857
100 _aधर्माधिकारी चंद्रशेखर शंकर
245 _aशोध गांधींचा
250 _a1
260 _bअक्षर प्रकाशन
_c2006
300 _a232
600 _aधर्माधिकारी चंद्रशेखर शंकर
630 _aशोध गांधींचा
700 _aधर्माधिकारी चंद्रशेखर शंकर
730 _aशोध गांधींचा
942 _cBOOK
999 _c77929
_d77929